Proekt grazhdanskogo kodeska Respubliki Belarusʹ.

Saved in:
Bibliographic Details
Corporate Author: Belarus.
Format: Book
Language:Russian
Published: [Minsk : "Pravo i ėkonomika", 1997.].
Series:Pravo i ėkonomika ; spet︠s︡. vyp. no 1(3) 1997..
Tags: Add Tag
No Tags, Be the first to tag this record!
LEADER 00466nam a22001455u 4500
001 007744403-5
005 20020606104010.5
008 980323|1997 bl |||||||rus|d
110 2 |a Belarus. 
245 1 0 |a Proekt grazhdanskogo kodeska Respubliki Belarusʹ. 
260 |a [Minsk :  |b "Pravo i ėkonomika",  |c 1997.]. 
490 1 |a Pravo i ėkonomika ;  |v spet︠s︡. vyp. no 1(3) 1997. 
830 | |a Pravo i ėkonomika ;  |v spet︠s︡. vyp. no 1(3) 1997.. 
988 |a 20020608 
906 |0 MH